01984nab a22002537a 4500003000400000005001700004008004100021040000700062100002800069245018100097260007300278300001500351500007100366505079900437505011701236505008901353650002901442650002601471650002501497650002201522650003201544650002201576773013201598OSt20251226215225.0190603e xxum|||| |||| 00| 0 spa d cPJ aLeiva, Claudio Fabricio13aLa responsabilidad por daños causados por animales: otra vez sobre la "categoría" del daño estético y la búsqueda de la reparación plena /cClaudio Fabricio Leiva.  cCiudad Autónoma de Buenos Aires :aThomson Reuters La Ley, b2025. ap. 228-239 aCita: TR LALEY AR/DOC/1057/2025 Publicado en: RCCyC 2025 (junio). aSumario: I. Objetivos del presente comentario.— II. Plataforma fáctica del caso: hechos invocados en la demanda y en la contestación. Los hechos controvertidos de acuerdo con las posiciones asumidas por las partes.— III. La sentencia de primera instancia y los agravios vertidos por las partes en sus respectivos recursos de apelación. La decisión de la Cámara y sus argumentos centrales.— IV. Algunos aspectos relevantes de la responsabilidad por daños causados por animales en el régimen del Cód. Civ. y Com.— V. El daño resarcible y la clasificación de los daños.— VI. La consecuencia dañosa como objeto de reparación: categorías de daños. El daño estético: carácter patrimonial o no patrimonial de la consecuencia lesiva.— VII. Conclusiones.  aFallo comentado: CNCiv., sala D ~ 18/09/2024 ~ Demiddi, Rocío c. Argento, Sergio Hugo s/ daños y perjuicios. t¿Te interesa el texto completo? Solicitalo al correo: koha@justierradelfuego.gov.ar 0aCODIGO CIVIL Y COMERCIAL 0aRESPONSABILIDAD CIVIL 0aDAÑOS Y PERJUICIOS 0aDAÑO RESARCIBLE 0aDAÑO CAUSADO POR ANIMALES 0aDAÑO ESTÉTICO0 02713dCiudad Autónoma de Buenos Aires : Thomson Reuters La Ley, 2015-tRevista Código Civil y Comercial. Nº 3 - Junio 2025